00983 2200313 4500001002100000005001500021035002000036007000300056008004100059020002200100040001700122082001200139084001400151100002500165245011000190250003400300260003000334300002500364500001100389500005300400500006600453650004000519700001800559700001600577850001200593041001300605504003300618990001800651INLIS00000000081688120181001112406 a0010-0918000318ta180912r20062018yoi g 1 dind d a978-602-6651-78-5 aYOPDYOGbind04223a923 a923 BRU m1 aBruns, Roger,d1941-1 aMartin Luther King, JR. :bsebuah biografi /cRoger Bruns; penerjemah, Eka Oktaviani; editor, Deddy Arsya aCetakan pertama, Januari 20183 aBantul :bBasabasi,c2018 a355 halaman ;c20 cm aIndeks aJudul asli : Martin Luther King, Jr. A biography aTeks dalam bahasa Indonesia diterjemahkan dari bahasa Inggris 4aMartin Luther King, JR.--xBiografi0 aEka Oktaviani0 aDeddy Arsya aYOPDYOG1 aindheng aBibliografi: halaman 337-344 a32629-PD/B.18